000
00246 a2200085 4500
020
_a
9783038603054
100
_a
Matthias Armengaud (Editor)
245
_a
Towards Territorial Transition: A Plea to Large Scale Decarbonizing
260
_b
Park Books
_c
2023
999
_c
13340
_d
13340